Top 10 Small Forwards in the NBA [All Time] - Statistics

General Stats
  • This quiz has been taken 547 times
  • The average score is 6 of 10
Answer Stats
# Answer % Correct
2 LeBron James
98%
1 Larry Bird
88%
4 Kevin Durant
84%
8 Scottie Pippen
69%
3 Julius Erving
58%
7 Elgin Baylor
48%
5 Paul Pierce
44%
6 Carmelo Anthony
42%
9 Tracy McGrady
27%
10 Draymond Green
17%
No matching quizzes found
Score Distribution
Percent of People with Each Score
Percentile by Number Answered
Your Score History
You have not taken this quiz